000 00669cam a2200241 a 4500
001 4225168
005 20180117042847.0
008 820811s1982 dcua b 001 0 eng
010 _a 82047983
020 _a0801829186 :
_c$18.00
020 _a0801829194 (pbk.) :
_c$6.95
040 _aDLC
_cDLC
_dDLC
041 _aeng
043 _an-us---
080 _a333.70973 PRI
082 0 0 _a333.70973 PRI
_219
100 _a19
101 _aPOL
245 0 0 _aRegional conflict and national policy /
_cedited by Kent A. Price.
504 _aIncludes bibliographical references and index.
906 _a7
_bcbc
_corignew
_d1
_eocip
_f19
_gy-gencatlg
942 _2ddc
_cBK
999 _c40429
_d40429